Grenzt irgendeins dieser Länder an ein Anderes? #2 - Statistiken

Allgemein
  • Dieses Quiz wurde 117 mal gespielt
  • Das Durchschnittsergebnis liegt bei 6 aus 8
Antwortstatistiken
Hint Explanation Antwort % Korrekt
Chile - Sierra Leone - Lesotho - Kamerun - Sambia - Tschad - Peru - Somalia Chile und Peru Ja
87%
Jordanien - Eswatini - Kasachstan - Katar - Südkorea - Paraguay - Elfenbeinküste - Aserbaidschan Nein
84%
Bahrain - Turkmenistan - Libyen - Albanien - Moldawien - Südsudan - Jemen - Armenien Nein
80%
Andorra - Ruanda - Ghana - Libanon - Mauretanien - Schweiz - Äquatorialguinea - Slowenien Nein
79%
Estland - Niederlande - Liechtenstein - Lettland - Irland - Schweden - Bulgarien - Vatikanstadt Estland und Lettland Ja
77%
Lesotho - Mosambik - Gabun - Australien - Zentralafrikanische Republik - Eritrea - Togo - Dschibuti Eritrea und Dschibuti Ja
71%
Taiwan - Vietnam - Nordkorea - Osttimor - Kirgisistan - Russland - Malediven - Iran Nordkorea und Russland Ja
70%
Kanada - Antigua und Barbuda - Suriname - Grenada - Panama - Nicaragua - Mexiko - El Salvador Nein
41%
Keine übereinstimmenden Quizze gefunden
Verteilung der Resultate
Anzahl Personen mit jedem Resultat
Perzentil nach korrekt beantworteten Fragen
Ihre Resultats-Entwicklung
Sie haben dieses Quiz noch nicht gespielt